000 00556cam a2200205 4500
001 D6206
008 090401t1981 xxu||||| |||| 00| 0 eng d
035 _a(Sirsi) u90658
041 _aeng
050 _a692.8
110 _aJoint Contracts Tribunal
_93664
245 _aStandard form of building contract with contractor`s design 1981 edition: practice note CD/1A
260 _bRIBA
_c1981
300 _a12p. 30cm
350 _a0
490 _aJCT Practice Note
_vCD/1A
520 _aFiled in box JCT 1981/9 AC
942 _n0
948 _c04/03/1997
999 _c97571
_d97571